| 000 | 00396 a2200121 4500 | ||
|---|---|---|---|
| 001 | ART_42662 | ||
| 005 | 20260410161736.0 | ||
| 008 | 260409a | ||
| 245 | 1 | 0 | _aMentiras verdaderas |
| 100 | 1 | _aSturzenegger, Adolfo | |
| 700 | 1 | _aGarcía, Roberto | |
| 773 | 0 |
_tEjecutivos de finanzas _gAgregando valor a partir de la gestión financiera - Año 11, Nº 120 (oct. 1995) _wREV2863 |
|
| 999 |
_c18332 _d18332 |
||